• 首页
  • 本馆介绍
  • 公告通知
  • 最新文献
  • 馆藏检索
  • 电子资源
  • 读者导购
  • 参考咨询
  • 我的图书馆
  • 登录
  • 详细信息显示
  • 放入我的书架
  • 预约/预借图书
  • 作者相关作品
  • 分类相关作品
  • 丛书相关作品
  • 出版社相关作品

书目信息

  • 表格格式
  • 工作单格式
  • 卡片格式
题名:
本体论研究
    
 
作者: 俞宣孟 著
分册:  
出版信息: 上海   上海人民出版社  1999.5
页数: 574页
开本: 20cm
丛书名:
单 册:
中图分类: B016
科图分类:
主题词: 本体论--研究
电子资源:
ISBN: 7-208-03242-4
000 00536nam0 2200193 45
001 00070315 9
005 20040508095035.1
010    @a7-208-03242-4@dCNY36.00
100    @a20000703d1999 km y0chiy0120 ea
101 0  @achi
105    @a z 000yy
200 1  @a本体论研究@ABen Ti Lun Yan Jiu@f俞宣孟著@FYu Xuan Meng Zhu
210    @a上海@c上海人民出版社@d1999.5
215    @a574页@d20cm
606 0  @a本体论@x研究
690    @aB016@v1
701  0 @a俞宣孟@4著
801    @aCN@bTSTC@c20000703
905    @dB016@e137@f2@b289580-581@b289583@f1
    
    本体论研究/俞宣孟著.-上海:上海人民出版社,1999.5
    574页;20cm
    
    
    ISBN 7-208-03242-4:CNY36.00
    
●
相关链接 在E读中查询图书 在五车中查询图书 在当当中查询图书 在豆瓣中查询图书


正题名:本体论研究     索取号:B016/137         预约/预借

序号 登录号 条形码 馆藏地/架位号 状态 备注
1 0289580   002895807   第一借阅区/ [索取号:B016/137] 在馆    
2 0289581   002895816   第一借阅区/ [索取号:B016/137] 在馆    
3 0289582   002895825   第一借阅区/ [索取号:B016/137] 已借出,限还日期为2004.10.18
借出人:孙厚生  
 
4 0289583   002895834   教育系资料室/ [索取号:B016/137] 在馆    
5 0289584   002895843   第一样本阅览室/ [索取号:B016/137] 在馆    
6 2895832   2895834   第一借阅区/ [索取号:B016/137] 在馆    
唐山师范学院图书馆 欢迎您!
大连网信软件有限公司© 版权所有